| 000 | 00555nam a22001812 4500 | ||
|---|---|---|---|
| 001 | 0000012054 | ||
| 005 | 20151217155849.0 | ||
| 008 | 090127s xx 000 0 eng d | ||
| 040 |
_aKABU _cKABU |
||
| 245 | 1 | 0 |
_aAfrican education : _ba study of educational policy and practice in British Tropical Africa. |
| 250 | _a 1st ed. | ||
| 260 |
_aOxford : _bO. U. P., _c1953. |
||
| 300 | _axii, 187 p. | ||
| 650 | 0 |
_aEducation _zAfrica. _@0000167478 |
|
| 852 | 1 | _9p500 KES | |
| 908 | _a090127 | ||
| 950 | _@1 | ||
| 999 |
_c13448 _d13448 |
||